000 00973nab a22002057a 4500
999 _c5466
_d5466
003 OSt
005 20251113131638.0
008 190604e xxu||||| |||| 00| 0 spa d
040 _cPJ
100 _96469
_aMazzucco Cánepa, Martín
245 1 0 _aRégimen de contrataciones de la Administración nacional. Comentario al decreto 1096/2024 /
_cMazzucco Cánepa, Martín.
260 _aCiudad Autónoma de Buenos Aires :
_bThomson Reuters La Ley,
_c2025.
300 _ap. 30-32
500 _aCita Online: TR LALEY AR/DOC/775/2025.
505 _tSumario: Sumario: I. Introducción.— II. El dec. 1086/2024.— III. Régimen vigente.— IV. Conclusión.
505 _t¿Te interesa el texto completo? Solicitalo al correo: koha@justierradelfuego.gov.ar
650 0 _9209
_aDERECHO EN GENERAL
773 0 _02714
_93171
_dCiudad Autónoma de Buenos Aires : Thomson Reuters La Ley, 2014-
_tRevista anales de legislación argentina. Nº 7 - Julio 2025.
942 _2udc
_cANA